[Event "DVM U10 2014"]
[Site "Magdeburg GER"]
[Date "2014.12.29"]
[Round "6"]
[White "von Asow, Till"]
[Black "Gärtner, Martin"]
[Result "0-1"]
[Termination "normal"]
[Board "18.1"]
[WhiteElo "1091"]
[BlackElo "808"]
[WhiteTeam "SpVgg Rommelshausen"]
[BlackTeam "USV Volksbank Halle"]
[PlyCount "106"]
[WhiteFideId "16257162"]
[EventCountry "GER"]
[EventRounds "7"]
[EventType "team-swiss"]
[EventDate "2014.12.27"]

1. e4 e5 2. f4 exf4 3. Nf3 Nc6 4. Nc3 Nf6 5. d4 Bb4 6. Bd3 d6 7. Bxf4 Bg4 8. h3
Bh5 9. g4 Bg6 10. Qe2 Bxc3+ 11. bxc3 Qd7 12. O-O Nxg4 13. hxg4 Qxg4+ 14. Kf2
Qxf4 15. Ke1 Qg4 16. Rg1 Qd7 17. Rb1 O-O 18. Rxb7 d5 19. Bb5 h6 20. e5 a6 21.
Bxa6 Bxc2 22. Qxc2 Rxa6 23. Qg2 f6 24. exf6 Rxf6 25. Ne5 Nxe5 26. dxe5 Rfe6 27.
Rb8+ Kh7 28. Qc2+ g6 29. Kd1 Rxe5 30. Qd3 Qa4+ 31. Kc1 Qa3+ 32. Rb2 Rb6 33.
Rgg2 Re1+ 34. Kd2 Qxb2+ 35. Kxe1 Qxg2 36. a4 Rb2 37. a5 Qg1+ 38. Qf1 Qxf1+ 39.
Kxf1 Ra2 40. a6 Rxa6 41. Ke2 Ra3 42. Kd3 c5 43. Kd2 d4 44. cxd4 cxd4 45. Ke2
Kg7 46. Kf2 Kf6 47. Ke2 Ke5 48. Kf2 Ke4 49. Ke2 Ra2+ 50. Kf1 Ke3 51. Kg1 Kf3
52. Kh1 Kg3 53. Kg1 Ra1# 0-1

[Event "DVM U10 2014"]
[Site "Magdeburg GER"]
[Date "2014.12.29"]
[Round "6"]
[White "Rissel, Silas"]
[Black "Ruppert, Jeremy"]
[Result "1-0"]
[Termination "normal"]
[Board "18.2"]
[WhiteElo "1019"]
[BlackElo "1056"]
[WhiteTeam "USV Volksbank Halle"]
[BlackTeam "SpVgg Rommelshausen"]
[PlyCount "77"]
[EventCountry "GER"]
[EventRounds "7"]
[EventType "team-swiss"]
[EventDate "2014.12.27"]

1. e4 e5 2. Nf3 Nc6 3. Bc4 Nf6 4. Nc3 Bc5 5. O-O O-O 6. d3 d6 7. Bg5 Bg4 8. h3
Bh5 9. Nd5 Qc8 10. Bxf6 Nd4 11. g4 Bxg4 12. hxg4 Qxg4+ 13. Kh1 Qh3+ 14. Nh2
gxf6 15. Qg4+ Qxg4 16. Nxg4 c6 17. Nde3 Kh8 18. Rg1 Rg8 19. c3 Nf3 20. Rg3 Bxe3
21. fxe3 Rg7 22. Rxf3 Rxg4 23. Bxf7 Rf8 24. Be6 Rg5 25. Rg1 Rh5+ 26. Bh3 a5 27.
Rg2 b5 28. b3 c5 29. c4 b4 30. Kg1 h6 31. Rfg3 Kh7 32. Be6 Re8 33. Bf7 Rf8 34.
Bxh5 Re8 35. Bxe8 h5 36. Rg7+ Kh8 37. Rf7 h4 38. Rxf6 h3 39. Rh6# 1-0

[Event "DVM U10 2014"]
[Site "Magdeburg GER"]
[Date "2014.12.29"]
[Round "6"]
[White "Raichle, Simon"]
[Black "Stowicek, Yara Mathilda"]
[Result "0-1"]
[Termination "normal"]
[Board "18.3"]
[WhiteElo "1028"]
[BlackElo "845"]
[WhiteTeam "SpVgg Rommelshausen"]
[BlackTeam "USV Volksbank Halle"]
[PlyCount "86"]
[BlackFideId "16203569"]
[EventCountry "GER"]
[EventRounds "7"]
[EventType "team-swiss"]
[EventDate "2014.12.27"]

1. e4 e5 2. Nf3 Nc6 3. Bc4 Nf6 4. Ng5 d5 5. exd5 Na5 6. d3 h6 7. Nf3 Bc5 8. Nc3
c6 9. O-O Nxc4 10. dxc4 cxd5 11. cxd5 b6 12. Nxe5 O-O 13. Bf4 Ba6 14. Re1 Qc8
15. Nc6 Qg4 16. Qd2 Bb7 17. Ne5 Qf5 18. a3 Rad8 19. b4 Bd6 20. Rab1 Bxe5 21.
Bxe5 Ng4 22. Bd4 Bxd5 23. Nxd5 Qxd5 24. Rbd1 Qd6 25. g3 Rd7 26. Qe2 Qg6 27. Bc3
Qh5 28. h4 Rxd1 29. Qxd1 Rc8 30. Qd4 Qg6 31. Re4 Nf6 32. Re2 Qh5 33. Qd3 Qg6
34. Qd2 Ne4 35. Qd4 Nxc3 36. Re7 Qh5 37. Rxa7 Ne2+ 38. Kg2 Nxd4 39. a4 Qf3+ 40.
Kh3 Qh1+ 41. Kg4 Rc4 42. Rd7 Nxc2+ 43. Kf5 Qe4# 0-1

[Event "DVM U10 2014"]
[Site "Magdeburg GER"]
[Date "2014.12.29"]
[Round "6"]
[White "Gärtner, Uta"]
[Black "Kohleisen, Konstantin"]
[Result "0-1"]
[Termination "normal"]
[Board "18.4"]
[WhiteElo "810"]
[BlackElo "918"]
[WhiteTeam "USV Volksbank Halle"]
[BlackTeam "SpVgg Rommelshausen"]
[PlyCount "52"]
[EventCountry "GER"]
[EventRounds "7"]
[EventType "team-swiss"]
[EventDate "2014.12.27"]

1. e4 e5 2. Nf3 Nc6 3. Bc4 Nf6 4. Nc3 Nxe4 5. Nxe4 d5 6. Bb5 dxe4 7. Bxc6+ bxc6
8. Nxe5 Qf6 9. Ng4 Qf5 10. d3 Qxg4 11. Qxg4 Bxg4 12. dxe4 Rd8 13. Bd2 Bc5 14.
Rd1 Bxd1 15. Kxd1 O-O 16. Kc1 f5 17. e5 f4 18. f3 Be3 19. Bxe3 fxe3 20. Re1 Rd2
21. Kb1 Rfd8 22. b3 Rd1+ 23. Rxd1 Rxd1+ 24. Kb2 e2 25. e6 e1=Q 26. e7 Qxe7 0-1

[Event "DVM U10 2014"]
[Site "Magdeburg GER"]
[Date "2014.12.29"]
[Round "6"]
[White "Sawadski, Nikolas"]
[Black "Tabarelli, Tom"]
[Result "1-0"]
[Termination "normal"]
[Board "19.1"]
[WhiteElo "1175"]
[BlackElo "760"]
[WhiteTeam "Heilbronner SV"]
[BlackTeam "SF Hettstedt"]
[PlyCount "37"]
[WhiteFideId "16261585"]
[EventCountry "GER"]
[EventRounds "7"]
[EventType "team-swiss"]
[EventDate "2014.12.27"]

1. e4 e5 2. Nf3 Nc6 3. Bc4 Nf6 4. Nc3 Nxe4 5. Nxe4 d5 6. Bb5 dxe4 7. Nxe5 Bd7
8. Nxd7 Qxd7 9. Bxc6 Qxc6 10. O-O Qh6 11. d4 Bd6 12. Bxh6 gxh6 13. Re1 f5 14.
Qh5+ Kf8 15. Qxf5+ Kg8 16. Rxe4 Rf8 17. Qd7 Rf7 18. Rg4+ Kf8 19. Qd8# 1-0

[Event "DVM U10 2014"]
[Site "Magdeburg GER"]
[Date "2014.12.29"]
[Round "6"]
[White "Lehmann, Taylor"]
[Black "Sawadski, Leonard"]
[Result "0-1"]
[Termination "normal"]
[Board "19.2"]
[WhiteElo "786"]
[BlackElo "922"]
[WhiteTeam "SF Hettstedt"]
[BlackTeam "Heilbronner SV"]
[PlyCount "70"]
[WhiteFideId "16240642"]
[BlackFideId "16261607"]
[EventCountry "GER"]
[EventRounds "7"]
[EventType "team-swiss"]
[EventDate "2014.12.27"]

1. d4 d5 2. c4 Nf6 3. Bf4 e6 4. Nf3 Bb4+ 5. Nc3 O-O 6. e3 Bxc3+ 7. bxc3 Ne4 8.
Qc2 Qe7 9. Bd3 a6 10. O-O b5 11. c5 Qf6 12. Bxe4 dxe4 13. Qxe4 c6 14. Bg5 Qf5
15. Qxf5 exf5 16. Rfe1 Be6 17. h3 Bd5 18. Nh4 h6 19. Bf4 Be6 20. Re2 Nd7 21. e4
Bc4 22. Ree1 fxe4 23. Rxe4 Nf6 24. Re7 g5 25. Bg3 gxh4 26. Bxh4 Nd5 27. Re5
Nxc3 28. Rh5 Kg7 29. Re1 Rfe8 30. Ree5 Ne2+ 31. Kh2 Rxe5 32. Rxe5 Nxd4 33. Re4
Nf5 34. Rg4+ Kh7 35. Bf6 Rg8 0-1

[Event "DVM U10 2014"]
[Site "Magdeburg GER"]
[Date "2014.12.29"]
[Round "6"]
[White "Kögler, Lukas"]
[Black "Hagenmeyer, Jannis"]
[Result "1/2-1/2"]
[Termination "normal"]
[Board "19.4"]
[WhiteElo "775"]
[BlackElo "780"]
[WhiteTeam "SF Hettstedt"]
[BlackTeam "Heilbronner SV"]
[PlyCount "151"]
[BlackFideId "34612580"]
[EventCountry "GER"]
[EventRounds "7"]
[EventType "team-swiss"]
[EventDate "2014.12.27"]

1. d4 d5 2. Nf3 Nf6 3. Nc3 Bf5 4. e3 Nc6 5. Bb5 e6 6. Bd2 Bb4 7. O-O O-O 8. a3
Bxc3 9. bxc3 a6 10. Bxc6 bxc6 11. Ne5 Nd7 12. Nxc6 Qe8 13. Ne5 f6 14. Nxd7 Qxd7
15. Rb1 e5 16. dxe5 fxe5 17. e4 Bxe4 18. f3 Bg6 19. Rb7 Rfb8 20. Rxb8+ Rxb8 21.
Bg5 Qd6 22. c4 dxc4 23. Qe2 Qxa3 24. Qf2 h6 25. Qa7 Rc8 26. Qb7 Re8 27. Qxc7
hxg5 28. Qxc4+ Bf7 29. Qg4 a5 30. Qxg5 a4 31. f4 e4 32. f5 Qe7 33. f6 g6 34.
Qh6 Qxf6 35. Rxf6 Re7 36. Ra6 e3 37. Qg5 Kf8 38. h3 e2 39. Qh6+ Kg8 40. Ra8+
Be8 41. Qh4 Re6 42. c4 e1=Q+ 43. Qxe1 Rxe1+ 44. Kh2 Re3 45. c5 a3 46. c6 Rc3
47. Rxe8+ Kf7 48. Rc8 a2 49. Ra8 Rc2 50. c7 Rxc7 51. Rxa2 Kf6 52. Rf2+ Kg5 53.
g3 Kh5 54. g4+ Kg5 55. Ra2 Kh4 56. Rg2 Rc1 57. Rg3 Rc2+ 58. Rg2 Rc3 59. g5 Rc4
60. Kh1 Rc1+ 61. Kh2 Rb1 62. Rg4+ Kh5 63. h4 Rb2+ 64. Rg2 Rb4 65. Rg3 Kxh4 66.
Rh3+ Kxg5 67. Rg3+ Kh5 68. Rg2 Rh4+ 69. Kg1 g5 70. Kf1 g4 71. Rg1 Rh3 72. Kg2
Kh4 73. Kf1 g3 74. Rg2 Rh2 75. Rxh2+ gxh2 76. Kg2 1/2-1/2

[Event "DVM U10 2014"]
[Site "Magdeburg GER"]
[Date "2014.12.29"]
[Round "6"]
[White "Siol, Mats Lennart"]
[Black "Karl, Simon"]
[Result "1-0"]
[Termination "normal"]
[Board "20.1"]
[WhiteElo "1067"]
[BlackElo "1191"]
[WhiteTeam "SK Blauer Springer Paderborn 2"]
[BlackTeam "SK Langen"]
[PlyCount "39"]
[WhiteFideId "16229240"]
[BlackFideId "16217985"]
[EventCountry "GER"]
[EventRounds "7"]
[EventType "team-swiss"]
[EventDate "2014.12.27"]

1. d4 g6 2. e4 Bg7 3. Nf3 d6 4. Nc3 Nd7 5. Bc4 Ngf6 6. Be3 O-O 7. Qd2 e5 8.
dxe5 dxe5 9. O-O-O Qe7 10. Bh6 Rd8 11. h4 Nc5 12. Qxd8+ Qf8 13. Qxf8+ Bxf8 14.
Rd8 Nfd7 15. Nxe5 c6 16. Bxf7+ Kh8 17. Nxd7 Nxd7 18. e5 b5 19. e6 Bb7 20. Rxa8
1-0

[Event "DVM U10 2014"]
[Site "Magdeburg GER"]
[Date "2014.12.29"]
[Round "6"]
[White "Riegel, Simon"]
[Black "Nguyen, Frank"]
[Result "1-0"]
[Termination "normal"]
[Board "20.2"]
[WhiteElo "952"]
[BlackElo "600"]
[WhiteTeam "SK Langen"]
[BlackTeam "SK Blauer Springer Paderborn 2"]
[PlyCount "31"]
[WhiteFideId "34628410"]
[EventCountry "GER"]
[EventRounds "7"]
[EventType "team-swiss"]
[EventDate "2014.12.27"]

1. e4 e6 2. Nf3 d5 3. exd5 exd5 4. c3 Nf6 5. d4 Qe7+ 6. Be2 Qe6 7. O-O Bd6 8.
Re1 O-O 9. Ng5 Qf5 10. h3 h6 11. Bd3 Qd7 12. Qf3 hxg5 13. Bxg5 Re8 14. Rxe8+
Nxe8 15. Qh5 Kf8 16. Qh8# 1-0

[Event "DVM U10 2014"]
[Site "Magdeburg GER"]
[Date "2014.12.29"]
[Round "6"]
[White "Rust, Emily"]
[Black "Reinecke, Alexander"]
[Result "0-1"]
[Termination "normal"]
[Board "20.3"]
[WhiteElo "969"]
[BlackElo "951"]
[WhiteTeam "SK Blauer Springer Paderborn 2"]
[BlackTeam "SK Langen"]
[PlyCount "52"]
[WhiteFideId "16211499"]
[BlackFideId "12991570"]
[EventCountry "GER"]
[EventRounds "7"]
[EventType "team-swiss"]
[EventDate "2014.12.27"]

1. d4 d5 2. Nf3 Nf6 3. Bf4 Nc6 4. e3 Bf5 5. c3 e6 6. Bb5 Bd6 7. Ne5 Bxe5 8.
dxe5 Nd7 9. h4 O-O 10. Bg5 f6 11. exf6 Nxf6 12. Bf4 a6 13. Bxc6 bxc6 14. h5 h6
15. Rh4 Ne4 16. f3 Qxh4+ 17. Kf1 Qh1+ 18. Ke2 Qxg2+ 19. Kd3 Nd6+ 20. e4 Nxe4
21. fxe4 Qxe4+ 22. Kd2 Qxf4+ 23. Ke2 Qg4+ 24. Ke1 Bxb1 25. Qxg4 Bd3 26. Qxe6+
Kh8 {Rest nicht nachvollziehbar} 0-1

[Event "DVM U10 2014"]
[Site "Magdeburg GER"]
[Date "2014.12.29"]
[Round "6"]
[White "Flach, Clemens"]
[Black "Schäfer, Anton"]
[Result "1/2-1/2"]
[Termination "normal"]
[Board "20.4"]
[WhiteElo "681"]
[BlackElo "782"]
[WhiteTeam "SK Langen"]
[BlackTeam "SK Blauer Springer Paderborn 2"]
[PlyCount "66"]
[EventCountry "GER"]
[EventRounds "7"]
[EventType "team-swiss"]
[EventDate "2014.12.27"]

1. e4 e6 2. a3 d5 3. e5 Nc6 4. Nf3 f6 5. exf6 gxf6 6. Bb5 a6 7. Ba4 b5 8. Bb3
Na5 9. Bxd5 exd5 10. Qe2+ Be7 11. b4 Nc6 12. O-O Bg4 13. h3 Nd4 14. Qd3 Nxf3+
15. gxf3 Bxh3 16. Re1 Qd6 17. f4 Qxf4 18. Qxh3 Qd4 19. Qh5+ Kd8 20. c3 Qf4 21.
Re3 d4 22. Rf3 Qd6 23. Rd3 Qe6 24. Rxd4+ Kc8 25. Qe8+ Kb7 26. Qh5 Qe1+ 27. Kg2
Qxc1 28. Qf3+ c6 29. Rd7+ Kc8 30. Qg4 Kb8 31. Qf4+ Kc8 32. Qf5 Kb8 33. Qf4+ Kc8
1/2-1/2

[Event "DVM U10 2014"]
[Site "Magdeburg GER"]
[Date "2014.12.29"]
[Round "6"]
[White "Hegemann, Erik"]
[Black "Junghans, Richard"]
[Result "1-0"]
[Termination "normal"]
[Board "21.1"]
[WhiteElo "1176"]
[BlackElo "1024"]
[WhiteTeam "SG Turm Raesfeld/Erle"]
[BlackTeam "BSG Grün-Weiß Leipzig 3"]
[PlyCount "52"]
[WhiteFideId "16234618"]
[BlackFideId "16214544"]
[EventCountry "GER"]
[EventRounds "7"]
[EventType "team-swiss"]
[EventDate "2014.12.27"]

1. e4 e5 2. Nf3 Nc6 3. Bc4 Bc5 4. c3 Qf6 5. d3 d6 6. Bg5 Qg6 7. Qd2 f6 8. Be3
Bxe3 9. Qxe3 Nge7 10. Nh4 Qg4 11. g3 Na5 12. Nd2 Nac6 13. Ndf3 Bd7 14. h3 Qh5
15. g4 Qh6 16. Qxh6 gxh6 17. d4 O-O-O 18. Nf5 Nxf5 19. gxf5 Be8 20. Be6+ Rd7
21. d5 Ne7 22. O-O-O Kb8 23. Nh2 Rd8 24. b3 Bb5 25. c4 Be8 26. Ng4 Bh5 {Rest
nicht nachvollziebar} 1-0

[Event "DVM U10 2014"]
[Site "Magdeburg GER"]
[Date "2014.12.29"]
[Round "6"]
[White "Fölting, Enna"]
[Black "Nguyen, Jenny Ha-Linh"]
[Result "1-0"]
[Termination "normal"]
[Board "21.3"]
[WhiteElo "600"]
[BlackElo "849"]
[WhiteTeam "SG Turm Raesfeld/Erle"]
[BlackTeam "BSG Grün-Weiß Leipzig 3"]
[PlyCount "33"]
[WhiteFideId "16241274"]
[BlackFideId "16209729"]
[EventCountry "GER"]
[EventRounds "7"]
[EventType "team-swiss"]
[EventDate "2014.12.27"]

1. e4 e5 2. Nf3 Nc6 3. Bc4 Bc5 4. Nc3 d6 5. d3 Bg4 6. O-O Nf6 7. Bg5 h6 8. Bh4
O-O 9. h3 Be6 10. Bb3 Bxb3 11. cxb3 Qd7 12. Bxf6 gxf6 13. Qd2 Nd4 14. Qxh6
Nxf3+ 15. gxf3 Bb4 16. Nd5 a5 17. Nxf6# 1-0

[Event "DVM U10 2014"]
[Site "Magdeburg GER"]
[Date "2014.12.29"]
[Round "6"]
[White "Watts, Marius"]
[Black "Marks, Gerrit Johann"]
[Result "1-0"]
[Termination "normal"]
[Board "21.4"]
[WhiteElo "743"]
[BlackElo "600"]
[WhiteTeam "BSG Grün-Weiß Leipzig 3"]
[BlackTeam "SG Turm Raesfeld/Erle"]
[PlyCount "123"]
[WhiteFideId "12989363"]
[EventCountry "GER"]
[EventRounds "7"]
[EventType "team-swiss"]
[EventDate "2014.12.27"]

1. e4 e5 2. Nf3 Nc6 3. Nc3 Bc5 4. Bc4 Nf6 5. d3 d6 6. Be3 Bxe3 7. fxe3 Bg4 8.
Qe2 O-O 9. O-O-O Nb4 10. a3 Nc6 11. Rdg1 a6 12. h3 Bxf3 13. Qxf3 b5 14. Bd5 Qd7
15. g4 Rab8 16. g5 Ne8 17. h4 b4 18. axb4 Nxb4 19. Bb3 a5 20. Ba4 Qe6 21. Bb3
Qd7 22. h5 g6 23. hxg6 {f-Bauer schlug, Schach übersehen} Kh8 24. Qh3 Qxh3 25.
Rxh3 fxg6 26. Rgh1 d5 27. Rxh7+ Kg8 28. Bxd5+ Nxd5 29. Nxd5 Rf7 30. Nf6+ Kf8
31. Rh8+ Ke7 32. Ng8+ Kd7 33. Nf6+ Ke7 34. Ng8+ Kd7 35. Nh6 Rg7 36. Ng4 Rf7 37.
Nxe5+ Ke7 38. Nxf7 Kxf7 39. Rf1+ Ke7 40. Rff8 Kd7 41. Rh7+ Kc6 42. Rhh8 Kd7 43.
Rf7+ Kd8 44. Rff8 Ke7 45. Rhg8 c6 46. b3 c5 47. Kd2 Rd8 48. Ke2 -- 49. Kf3 Rc8
50. Kf4 Rd8 51. Ke5 Rc8 52. Kd5 Kd7 53. Rf7+ Kd8 54. Ke6 Rc6+ 55. Ke5 Rc8 56.
d4 c4 57. d5 Rc5 58. Rff8 Rc7 59. Rxe8+ Kd7 60. Rd8+ Ke7 61. Rgf8 Ra7 62. d6#
1-0

[Event "DVM U10 2014"]
[Site "Magdeburg GER"]
[Date "2014.12.29"]
[Round "6"]
[White "Kipke, Mark"]
[Black "Gölitz, Lia"]
[Result "1-0"]
[Termination "normal"]
[Board "22.1"]
[WhiteElo "1037"]
[BlackElo "850"]
[WhiteTeam "Königsspringer SC 1984"]
[BlackTeam "SG Blau-Weiß Stadtilm 2"]
[PlyCount "41"]
[WhiteFideId "16217616"]
[BlackFideId "16230116"]
[EventCountry "GER"]
[EventRounds "7"]
[EventType "team-swiss"]
[EventDate "2014.12.27"]

1. e4 e5 2. Nf3 Nc6 3. Bc4 Bc5 4. c3 Nf6 5. d4 exd4 6. cxd4 Bb4+ 7. Nc3 Bxc3+
8. bxc3 d5 9. Bxd5 Nxd5 10. exd5 Qxd5 11. Qd3 Be6 12. O-O O-O 13. Qe3 Qf5 14.
Rd1 Ne7 15. Ba3 Rae8 16. Nh4 Nd5 17. Qg3 g6 18. Nxf5 Bxf5 19. Bxf8 Rxf8 20. h4
Re8 21. h5 1-0

[Event "DVM U10 2014"]
[Site "Magdeburg GER"]
[Date "2014.12.29"]
[Round "6"]
[White "Kirsch, Martin"]
[Black "Köppen, Cedric Louis"]
[Result "0-1"]
[Termination "normal"]
[Board "22.2"]
[WhiteElo "770"]
[BlackElo "930"]
[WhiteTeam "SG Blau-Weiß Stadtilm 2"]
[BlackTeam "Königsspringer SC 1984"]
[PlyCount "56"]
[WhiteFideId "2925630"]
[EventCountry "GER"]
[EventRounds "7"]
[EventType "team-swiss"]
[EventDate "2014.12.27"]

1. e4 c5 2. Bc4 Nc6 3. Nc3 g6 4. d3 Bg7 5. Be3 Nf6 6. Nf3 O-O 7. Qd2 e6 8.
O-O-O d5 9. Bb3 d4 10. Bg5 dxc3 11. bxc3 b5 12. c4 b4 13. Rdg1 a5 14. Ba4 Nd4
15. Nxd4 Qxd4 16. Qe3 Qxe3+ 17. fxe3 Ng4 18. h3 Ne5 19. h4 Bd7 20. Bb5 Bxb5 21.
cxb5 c4 22. dxc4 Nxc4 23. h5 Rad8 24. Bxd8 Rxd8 25. g4 a4 26. g5 a3 27. hxg6
Bb2+ 28. Kb1 Nd2# 0-1

[Event "DVM U10 2014"]
[Site "Magdeburg GER"]
[Date "2014.12.29"]
[Round "6"]
[White "David, Philip"]
[Black "Möschwitzer, Luis"]
[Result "1-0"]
[Termination "normal"]
[Board "22.3"]
[WhiteElo "906"]
[BlackElo "798"]
[WhiteTeam "Königsspringer SC 1984"]
[BlackTeam "SG Blau-Weiß Stadtilm 2"]
[PlyCount "41"]
[EventCountry "GER"]
[EventRounds "7"]
[EventType "team-swiss"]
[EventDate "2014.12.27"]

1. e4 e5 2. Nf3 Nc6 3. Bc4 Bc5 4. c3 Nf6 5. d4 exd4 6. cxd4 Bb4+ 7. Nc3 Nxe4 8.
O-O Nxc3 9. bxc3 Bxc3 10. Ba3 Bxa1 11. Re1+ Ne7 12. Bxe7 Qxe7 13. Rxe7+ Kxe7
14. Qxa1 Re8 15. Ng5 Kf8 16. Nxh7+ Kg8 17. Ng5 b6 18. Bxf7+ Kf8 19. Bxe8 Kxe8
20. Qe1+ Kd8 21. Nf7# 1-0

[Event "DVM U10 2014"]
[Site "Magdeburg GER"]
[Date "2014.12.29"]
[Round "6"]
[White "Langer, Paul Georg"]
[Black "Summers, Jan"]
[Result "1/2-1/2"]
[Termination "normal"]
[Board "22.4"]
[WhiteElo "789"]
[BlackElo "600"]
[WhiteTeam "SG Blau-Weiß Stadtilm 2"]
[BlackTeam "Königsspringer SC 1984"]
[PlyCount "85"]
[WhiteFideId "16230051"]
[BlackFideId "16217624"]
[EventCountry "GER"]
[EventRounds "7"]
[EventType "team-swiss"]
[EventDate "2014.12.27"]

1. e4 c5 2. Nf3 Nc6 3. Bc4 g6 4. Nc3 Bg7 5. d3 Nf6 6. Be3 d6 7. O-O O-O 8. Qd2
Qb6 9. b3 Bg4 10. Qe2 Nd7 11. h3 Bxc3 12. hxg4 Bxa1 13. Rxa1 Nde5 14. Nxe5 Nxe5
15. f4 Nxc4 16. dxc4 e6 17. f5 exf5 18. gxf5 Rae8 19. Bh6 d5 20. Bxf8 Kxf8 21.
cxd5 c4+ 22. Kf1 cxb3 23. cxb3 gxf5 24. Qh5 fxe4 25. Qxh7 Ke7 26. Qxe4+ Kd8 27.
Qh4+ Re7 28. Re1 Qd6 29. Rxe7 Qxe7 30. Qd4 b6 31. d6 Qd7 32. g3 Qb5+ 33. Kf2
Qc5 34. Ke3 Kd7 35. Qxc5 bxc5 36. g4 Kxd6 37. Ke4 f6 38. a3 a5 39. Kf5 Ke7 40.
g5 fxg5 41. Kxg5 a4 42. Kf4 Kd6 43. Ke3 1/2-1/2

[Event "DVM U10 2014"]
[Site "Magdeburg GER"]
[Date "2014.12.29"]
[Round "6"]
[White "Saage, Paul"]
[Black "Lindner, Ben"]
[Result "0-1"]
[Termination "normal"]
[Board "23.1"]
[WhiteElo "907"]
[BlackElo "949"]
[WhiteTeam "Lübecker SV von 1873 2"]
[BlackTeam "BSG Grün-Weiß Leipzig 2"]
[PlyCount "44"]
[WhiteFideId "16233891"]
[BlackFideId "16214552"]
[EventCountry "GER"]
[EventRounds "7"]
[EventType "team-swiss"]
[EventDate "2014.12.27"]

1. d4 d5 2. Nc3 Nf6 3. Bf4 Bf5 4. Nf3 Nc6 5. e3 a6 6. Bd3 Bg6 7. Qe2 e6 8.
O-O-O Bb4 9. Qd2 Ne4 10. Bxe4 Bxe4 11. a3 Ba5 12. Be5 f6 13. Bf4 b5 14. Rhe1
Rb8 15. Re2 b4 16. Nxe4 dxe4 17. Nh4 bxa3 18. c3 a2 19. Kc2 e5 20. Bg3 exd4 21.
exd4 Qd5 22. Ree1 Qb3+ 0-1

[Event "DVM U10 2014"]
[Site "Magdeburg GER"]
[Date "2014.12.29"]
[Round "6"]
[White "Wittig, Georg"]
[Black "Janssen, Mattis"]
[Result "1/2-1/2"]
[Termination "normal"]
[Board "23.2"]
[WhiteElo "942"]
[BlackElo "600"]
[WhiteTeam "BSG Grün-Weiß Leipzig 2"]
[BlackTeam "Lübecker SV von 1873 2"]
[PlyCount "109"]
[WhiteFideId "16266366"]
[EventCountry "GER"]
[EventRounds "7"]
[EventType "team-swiss"]
[EventDate "2014.12.27"]

1. e4 e5 2. Nf3 Nc6 3. d4 Bb4+ 4. c3 Bd6 5. dxe5 Bxe5 6. Nxe5 Nxe5 7. Bf4 d6 8.
Nd2 Ng6 9. Bc4 Be6 10. Bxe6 fxe6 11. Nf3 Nxf4 12. Qd2 e5 13. g3 Ne6 14. Qe2 Ng5
15. h4 Nxf3+ 16. Qxf3 Nf6 17. Qf5 Qc8 18. Qg5 Rg8 19. h5 Qg4 20. Qxg4 Nxg4 21.
Rh4 Nf6 22. h6 Nxe4 23. Rxe4 Kd7 24. Rg4 gxh6 25. Rxg8 Rxg8 26. Ke2 Ke6 27. Rh1
Rg6 28. g4 Kf6 29. Rh5 Rg5 30. Rxh6+ Kg7 31. Rh4 Rg6 32. Ke3 Rh6 33. Rxh6 Kxh6
34. f3 Kg5 35. Ke4 c6 36. b4 a6 37. c4 b6 38. a3 a5 39. bxa5 bxa5 40. a4 Kh4
41. f4 Kxg4 42. fxe5 dxe5 43. Kxe5 h5 44. Kd6 h4 45. Kxc6 h3 46. Kb6 h2 47. c5
h1=Q 48. c6 Qb1+ 49. Kxa5 Qb8 50. Ka6 Kf5 51. c7 Qxc7 52. Kb5 Qa7 53. a5 Ke5
54. a6 Kd5 55. Ka5 1/2-1/2

[Event "DVM U10 2014"]
[Site "Magdeburg GER"]
[Date "2014.12.29"]
[Round "6"]
[White "Bornholdt, Joa Max"]
[Black "Güldenpfennig, Carl"]
[Result "1-0"]
[Termination "normal"]
[Board "23.3"]
[WhiteElo "600"]
[BlackElo "850"]
[WhiteTeam "Lübecker SV von 1873 2"]
[BlackTeam "BSG Grün-Weiß Leipzig 2"]
[PlyCount "53"]
[WhiteFideId "16253477"]
[EventCountry "GER"]
[EventRounds "7"]
[EventType "team-swiss"]
[EventDate "2014.12.27"]

1. e4 e5 2. Bc4 Nf6 3. Nc3 Bc5 4. d3 Nc6 5. Bg5 h6 6. Be3 Bb6 7. Bxb6 axb6 8.
Nf3 O-O 9. Qd2 d6 10. a3 Bg4 11. h3 Bh5 12. O-O-O Nb4 13. g4 Bg6 14. Rhg1 Nc6
15. g5 h5 16. gxf6 Qxf6 17. Qe3 Rfe8 18. Nd5 Rac8 19. Nxf6+ gxf6 20. Qh6 Ne7
21. Nh4 d5 22. exd5 b5 23. Ba2 b4 24. d6 bxa3 25. dxe7 axb2+ 26. Kxb2 Ra8 27.
Rxg6# 1-0

[Event "DVM U10 2014"]
[Site "Magdeburg GER"]
[Date "2014.12.29"]
[Round "6"]
[White "Sieber, Paale"]
[Black "Berger, Jan Peter"]
[Result "0-1"]
[Termination "normal"]
[Board "23.4"]
[WhiteElo "600"]
[BlackElo "600"]
[WhiteTeam "BSG Grün-Weiß Leipzig 2"]
[BlackTeam "Lübecker SV von 1873 2"]
[PlyCount "72"]
[EventCountry "GER"]
[EventRounds "7"]
[EventType "team-swiss"]
[EventDate "2014.12.27"]

1. e4 e5 2. Bc4 Bc5 3. Qf3 Nf6 4. d3 d6 5. Bg5 Nc6 6. Nh3 Nb4 7. Bxf6 gxf6 8.
Qh5 Qe7 9. Bb5+ c6 10. Bc4 b5 11. Na3 bxc4 12. Nxc4 d5 13. exd5 cxd5 14. Na3
Rg8 15. O-O Bb7 16. Qxh7 O-O-O 17. Qf5+ Kb8 18. Nb5 d4 19. Nf4 exf4 20. Qxf4+
Kc8 21. Qf5+ Rd7 22. Nxa7+ Bxa7 23. g3 Nxc2 24. Qh7 Rdd8 25. Rac1 Qc7 26. Qf5+
Kb8 27. Qxf6 Qd7 28. Rxc2 Qd5 29. Qf4+ Ka8 30. f3 Rh8 31. Rc8+ Rxc8 32. Re1 Qh5
33. Re7 Qxh2+ 34. Kf1 Qxb2 35. Rxf7 Rh2 36. Rxb7 Qf2# 0-1

[Event "DVM U10 2014"]
[Site "Magdeburg GER"]
[Date "2014.12.29"]
[Round "6"]
[White "Rößler, Philipp"]
[Black "Hildebrandt, Colin"]
[Result "1-0"]
[Termination "normal"]
[Board "24.1"]
[WhiteElo "915"]
[BlackElo "600"]
[WhiteTeam "SC 1994 Oberland"]
[BlackTeam "Hamburger SK 3"]
[PlyCount "45"]
[WhiteFideId "16209885"]
[EventCountry "GER"]
[EventRounds "7"]
[EventType "team-swiss"]
[EventDate "2014.12.27"]

1. e4 e5 2. Nf3 Nf6 3. Nxe5 Qe7 4. d4 d6 5. Nf3 Nxe4 6. Be2 Bg4 7. h3 Bxf3 8.
gxf3 Nf6 9. Bg5 h6 10. Bxf6 Qxf6 11. Qd2 g6 12. Nc3 Bg7 13. Qe3+ Kd7 14. d5 Na6
15. Bb5+ c6 16. dxc6+ Kc7 17. O-O-O Nb4 18. a3 Nxc6 19. Nd5+ Kc8 20. Nxf6 Bxf6
21. Rxd6 Bg5 22. f4 Be7 23. Rd3 1-0